Ciencia del idioma y arte gramatical / (Record no. 14511)
[ view plain ]
| 000 -CABECERA | |
|---|---|
| campo de control de longitud fija | 00933nam a2200205 a 4500 |
| 001 - NÚMERO DE CONTROL | |
| campo de control | 000014931 |
| 005 - FECHA Y HORA DE LA ÚLTIMA TRANSACCIÓN | |
| campo de control | 20200929163927.0 |
| 008 - DATOS DE LONGITUD FIJA--INFORMACIÓN GENERAL | |
| campo de control de longitud fija | 100127s2008 ck ac 000 0 spa d |
| 020 ## - NÚMERO INTERNACIONAL ESTÁNDAR DEL LIBRO | |
| Número Internacional Estándar del Libro | 9789586773775 |
| 040 ## - FUENTE DE LA CATALOGACIÓN | |
| Centro catalogador/agencia de origen | DO-SdBNP |
| Lengua de catalogación | spa |
| Centro/agencia transcriptor | BNPHU |
| 082 ## - NÚMERO DE LA CLASIFICACIÓN DECIMAL DEWEY | |
| Número de clasificación | 465 |
| Número de documento/Ítem | C569 |
| 100 1# - ENTRADA PRINCIPAL--NOMBRE DE PERSONA | |
| Nombre de persona | Cardona Prieto, Marcela |
| 9 (RLIN) | 33798 |
| 245 00 - MENCIÓN DE TÍTULO | |
| Título | Ciencia del idioma y arte gramatical / |
| Mención de responsabilidad, etc. | Marcela Cardona Prieto, Nohara María Cardona, Fabio Rodríguez Páez , editor Gustavo de Elorza Martínez. |
| 260 ## - PUBLICACIÓN, DISTRIBUCIÓN, ETC. | |
| Lugar de publicación, distribución, etc. | Colombia : |
| Nombre del editor, distribuidor, etc. | Zamora editores, |
| Fecha de publicación, distribución, etc. | 2008. |
| 300 ## - DESCRIPCIÓN FÍSICA | |
| Extensión | v. 5 : |
| Otras características físicas | il., retrs. ; |
| Dimensiones | 27 cm + |
| Material acompañante/anejo | cd-rom |
| 505 2# - NOTA DE CONTENIDO CON FORMATO | |
| Información miscelánea | v.1 : |
| Título | Competencia lingüística -- |
| Información miscelánea | v.2 : |
| Título | Competencia escritora y sistemas de compresión -- |
| Información miscelánea | v.3 : |
| Título | Competencia literaria -- |
| Información miscelánea | v.4: |
| Título | Competencia ortográfica -- |
| Información miscelánea | v.5: |
| Título | Competencia comunicativa. |
| 700 12 - PUNTO DE ACCESO ADICIONAL--NOMBRE DE PERSONA | |
| Nombre de persona | Elorza Martínez, Gustavo de, |
| Término indicativo de función/relación | ed. |
| 9 (RLIN) | 33799 |
| 700 12 - PUNTO DE ACCESO ADICIONAL--NOMBRE DE PERSONA | |
| Nombre de persona | Cardona, Nohora María |
| 9 (RLIN) | 33800 |
| 700 12 - PUNTO DE ACCESO ADICIONAL--NOMBRE DE PERSONA | |
| Nombre de persona | Rodríguez Páez, Fabio |
| 9 (RLIN) | 33801 |
| Estado de retiro | Estado de pérdida | Restricciones de uso | No para préstamo | Código de colección | Localización permanente | Ubicación/localización actual | Ubicación en estantería | Fecha de adquisición | Número de inventario | Total de préstamos | Signatura topográfica completa | Código de barras | Fecha visto por última vez | Precio válido a partir de | Tipo de ítem Koha |
|---|---|---|---|---|---|---|---|---|---|---|---|---|---|---|---|
| Excluido de préstamo | Monografías: Libros y Folletos | General | General | Depósito | 27.01.2010 | LF1 | v. 1 | 14931-10 | 25.06.2020 | 25.06.2020 | No se presta | ||||
| Monografías: Libros y Folletos | General | General | Depósito | 24.10.2012 | LF1 | v. 5, e. 2 | 14931-100 | 25.06.2020 | 25.06.2020 | Préstamo en sala | |||||
| Excluido de préstamo | Monografías: Libros y Folletos | General | General | Depósito | 27.01.2010 | LF1 | v. 1, e. 2 | 14931-20 | 25.06.2020 | 25.06.2020 | No se presta | ||||
| Monografías: Libros y Folletos | General | General | Depósito | 27.01.2010 | LF1 | v. 2 | 14931-30 | 25.06.2020 | 25.06.2020 | Préstamo en sala | |||||
| Monografías: Libros y Folletos | General | General | Depósito | 27.01.2010 | LF1 | v. 2, e.2 | 14931-40 | 25.06.2020 | 25.06.2020 | Préstamo en sala | |||||
| Monografías: Libros y Folletos | General | General | Depósito | 27.01.2010 | LF1 | v. 3 | 14931-50 | 25.06.2020 | 25.06.2020 | Préstamo en sala | |||||
| Monografías: Libros y Folletos | General | General | Depósito | 24.10.2012 | LF1 | v. 3, e. 2 | 14931-60 | 25.06.2020 | 25.06.2020 | Préstamo en sala | |||||
| Monografías: Libros y Folletos | General | General | Depósito | 24.10.2012 | LF1 | v. 4 | 14931-70 | 25.06.2020 | 25.06.2020 | Préstamo en sala | |||||
| Monografías: Libros y Folletos | General | General | Depósito | 24.10.2012 | LF1 | v. 4, e. 2 | 14931-80 | 25.06.2020 | 25.06.2020 | Préstamo en sala | |||||
| Monografías: Libros y Folletos | General | General | Depósito | 24.10.2012 | LF1 | v. 5 | 14931-90 | 25.06.2020 | 25.06.2020 | Préstamo en sala |
